000 01643cam a22005054i 4500
003 PE-LiUPU
005 20250731165453.0
008 150623s r 000 0 d
020 _a1565630351
035 _a(Sirsi) i9781565630352
040 _aPE-LiUPU
_bspa
_cPE-LiUPU
_erda
049 _aPRUA
082 0 4 _a487.412d
_bS75
_221
100 1 _aSpicq, Ceslas,
_eautor.
245 1 0 _aTheological lexicon of the New Testament /
_cCeslas Spicq, traducido y editado por James D. Ernest.
264 1 _aMassachusetts :
_bHendrickson Publishers,
_c1996.
300 _a691 páginas ;
_c24 centímetros
336 _atext
_2rdacontent
337 _aunmediated
_2rdamedia
338 _avolume
_2rdacarrier
504 _aBibliografía al pie de páginas.
505 0 _aTable of Greek words.
526 _aSEG44
526 _aSEG26
526 _aP151
526 _aP150
526 _aP149
526 _aP146
526 _aP145
526 _aP126
526 _aP125
526 _aP92
526 _aP75
526 _aP74
526 _aP27
526 _aP15
650 1 4 _aGriego bíblico
_vGlosarios, vocabularios, etc.
650 1 4 _aGriego bíblico
_xSemántica.
_91342
942 _2ddc
_cBOOK
949 _aRC 487.412D S75 3
_wDEWEY
_c1
_i44654
_d2015-11-12
_lCCODEBUL1
_mBUL
_q4
_r0
_sY
_tBOOK
_u2015-6-24
_xTEOLOGIA
_PP35
_0COMPRA
_o.STAFF. Colección General
994 _aC0
_bPEPRU
596 _a1
999 _aRC 487.412D S75 3
_wDEWEY
_c21513
_i44654
_d21513
_f2021-11-8
_g5
_lCCODEBUL1
_mBUL
_q5
_r1
_sY
_tBOOK
_u2015-6-24
_xTEOLOGIA
_PP35
_0COMPRA
_o.STAFF. Colección General
980 _81
_gALBERTO SANCHEZ Responsable de Automatización